000 01409cam a2200241 4500
001 ##L131619
008 110527n2005 000 0 eng u
020 _a0955189519
035 _a(Sirsi) u131619
041 0 _aeng
050 0 4 _a346.4104343 $2 18
100 1 _aCalvert, John R.
245 0 0 _aService charge study update 2005
_h[electronic resource]
260 _aLoughborough
_bLoughborough University Enterprises
_c2005
520 _aUpdate to the five-year study of multi-let office service charges published in November 2005 (L129496). The additional two years' data underlines both that these charges are becoming more expensive and more time-consuming for those involved and that tenant action is now urgently needed now. The update reports whereas the median cost per square foot is similar to that in the main report (£4.70) the quartiles are further apart so that the spread of cost per square foot is getting worse.
590 _aIKA221105
650 2 4 _aLOUGHBOROUGH REPORT ON COMMERCIAL PROPERTY SERVICE CHARGES
690 _aPROPERTY-COMMERCIAL PROPERTY-OFFICE PROPERTY-OFFICES
690 _aPROPERTY-COMMERCIAL PROPERTY-COMMERCIAL LANDLORD AND TENANT-COMMERCIAL SERVICE CHARGES
700 1 _aLockyer, Elise
856 4 0 _uhttps://www.property-solutions.co.uk/site_media/uploads/The_trouble_with_service_charges.pdf
_zView the update at www.property-solutions.co.uk
942 _n0
999 _c104795
_d104795